00478nam a2200169 a 45000010010000000030011000100080041000210200018000620350026000801000022001062450037001282600063001653000015002285000017002436500018002608560030002780001-1122ELIB.Books150430 2010 eng  a9780802844231 a(ELIB.Books)0001-1277 aDunn, James D. G. aThe Theology of Paul the Apostle aGrand RapidsbWilliam B. Eerdmans Publishing Companyc1998 a808c23 Cm aC/o Moe Lwei aNew Testament nKBTS: LibraryuKBTS: Elib